[Event "DVM U16 2019"]
[Site "Magdeburg GER"]
[Date "2019.12.28"]
[Round "3"]
[White "Henning, Marvin"]
[Black "Grabbel, Lennart Christian"]
[Result "1-0"]
[Termination "normal"]
[Board "1.3"]
[WhiteElo "1972"]
[BlackElo "1849"]
[WhiteClock "00:22:14"]
[BlackClock "00:26:38"]
[WhiteTeam "Reideburger SV 90 Halle"]
[BlackTeam "Hamburger SK"]
[PlyCount "93"]
[WhiteFideId "12957399"]
[BlackFideId "16201620"]
[EventCountry "GER"]
[EventRounds "7"]
[EventType "team-swiss"]
[EventDate "2019.12.26"]

1. e4 {[%clk 1:30:57]} c5 {[%clk 1:30:57]} 2. Nc3 {[%clk 1:31:20]} a6 {[%clk
1:31:22]} 3. g3 {[%clk 1:31:42]} b5 {[%clk 1:31:47]} 4. Bg2 {[%clk 1:32:09]}
Bb7 {[%clk 1:32:14]} 5. d3 {[%clk 1:32:11]} e6 {[%clk 1:32:17]} 6. f4 {[%clk
1:32:22]} d5 {[%clk 1:30:07]} 7. f5 {[%clk 1:32:43]} d4 {[%clk 1:30:17]} 8.
fxe6 {[%clk 1:33:09]} dxc3 {[%clk 1:30:11]} 9. exf7+ {[%clk 1:33:37]} Kxf7
{[%clk 1:30:33]} 10. Nf3 {[%clk 1:33:57]} Be7 {[%clk 1:29:26]} 11. O-O {[%clk
1:18:54]} Ke8 {[%clk 1:28:45]} 12. bxc3 {[%clk 1:18:38]} Nd7 {[%clk 1:28:02]}
13. e5 {[%clk 1:12:40]} Qb6 {[%clk 1:23:23]} 14. a4 {[%clk 1:07:04]} Rc8 {[%clk
1:19:38]} 15. Qe2 {[%clk 1:03:44]} Bd5 {[%clk 1:15:35]} 16. axb5 {[%clk
1:03:04]} axb5 {[%clk 1:15:56]} 17. Ng5 {[%clk 1:00:31]} Bxg2 {[%clk 1:13:26]}
18. Qxg2 {[%clk 1:00:54]} Nxe5 {[%clk 0:53:46]} 19. Qe4 {[%clk 0:57:35]} Ng6
{[%clk 0:51:25]} 20. Qf5 {[%clk 0:55:26]} Qc6 {[%clk 0:47:36]} 21. Qf7+ {[%clk
0:48:53]} Kd7 {[%clk 0:47:45]} 22. Ne6 {[%clk 0:47:29]} Nh6 {[%clk 0:44:28]}
23. Ra7+ {[%clk 0:47:03]} Rc7 {[%clk 0:40:26]} 24. Rxc7+ {[%clk 0:45:21]} Qxc7
{[%clk 0:40:51]} 25. Bxh6 {[%clk 0:39:31]} Qe5 {[%clk 0:41:16]} 26. Bxg7 {[%clk
0:35:45]} Qxe6 {[%clk 0:41:39]} 27. Bxh8 {[%clk 0:35:46]} Qxf7 {[%clk 0:40:43]}
28. Rxf7 {[%clk 0:36:11]} Nxh8 {[%clk 0:41:10]} 29. Rxh7 {[%clk 0:36:38]} Ng6
{[%clk 0:41:34]} 30. h4 {[%clk 0:36:35]} Ke6 {[%clk 0:40:31]} 31. d4 {[%clk
0:35:03]} cxd4 {[%clk 0:39:16]} 32. cxd4 {[%clk 0:35:32]} Bf6 {[%clk 0:39:38]}
33. c3 {[%clk 0:35:28]} Ne7 {[%clk 0:38:23]} 34. g4 {[%clk 0:35:08]} Nd5 {[%clk
0:37:25]} 35. g5 {[%clk 0:34:32]} Be7 {[%clk 0:36:31]} 36. g6 {[%clk 0:27:04]}
Bf6 {[%clk 0:35:51]} 37. h5 {[%clk 0:21:36]} Ne7 {[%clk 0:30:59]} 38. Kf2
{[%clk 0:20:47]} b4 {[%clk 0:30:39]} 39. cxb4 {[%clk 0:21:08]} Bxd4+ {[%clk
0:31:04]} 40. Ke2 {[%clk 0:21:08]} Kf6 {[%clk 0:25:21]} 41. Rf7+ {[%clk
0:21:16]} Ke6 {[%clk 0:25:45]} 42. Kd3 {[%clk 0:21:11]} Bg1 {[%clk 0:25:57]}
43. Rf1 {[%clk 0:21:16]} Ba7 {[%clk 0:26:11]} 44. g7 {[%clk 0:21:38]} Bb8
{[%clk 0:26:14]} 45. h6 {[%clk 0:21:52]} Be5 {[%clk 0:26:38]} 46. Re1 {[%clk
0:22:14]} Kd5 47. Ke4+ 1-0

[Event "DVM U16 2019"]
[Site "Magdeburg GER"]
[Date "2019.12.28"]
[Round "3"]
[White "Klaas, Heiko"]
[Black "Seidel, Arne Christian"]
[Result "1-0"]
[Termination "normal"]
[Board "1.4"]
[WhiteElo "1759"]
[BlackElo "1636"]
[WhiteClock "00:31:54"]
[BlackClock "00:23:26"]
[WhiteTeam "Hamburger SK"]
[BlackTeam "Reideburger SV 90 Halle"]
[PlyCount "119"]
[WhiteFideId "16215940"]
[BlackFideId "16235142"]
[EventCountry "GER"]
[EventRounds "7"]
[EventType "team-swiss"]
[EventDate "2019.12.26"]

1. e4 {[%clk 1:30:58]} d6 {[%clk 1:30:46]} 2. d4 {[%clk 1:29:53]} Nf6 {[%clk
1:30:56]} 3. Nc3 {[%clk 1:29:21]} e5 {[%clk 1:30:55]} 4. Nf3 {[%clk 1:27:10]}
Nbd7 {[%clk 1:31:11]} 5. Bc4 {[%clk 1:25:19]} Be7 {[%clk 1:31:28]} 6. a4 {[%clk
1:12:26]} O-O {[%clk 1:28:54]} 7. O-O {[%clk 1:10:19]} c6 {[%clk 1:26:55]} 8.
Bb3 {[%clk 1:07:39]} exd4 {[%clk 1:24:00]} 9. Qxd4 {[%clk 1:05:42]} Nc5 {[%clk
1:21:40]} 10. Ba2 {[%clk 1:02:52]} Ng4 {[%clk 1:16:38]} 11. Re1 {[%clk
0:56:53]} Bf6 {[%clk 1:16:19]} 12. e5 {[%clk 0:55:53]} Nxe5 {[%clk 1:10:26]}
13. Nxe5 {[%clk 0:55:49]} Bxe5 {[%clk 1:10:54]} 14. Rxe5 {[%clk 0:54:57]} dxe5
{[%clk 1:11:18]} 15. Qxc5 {[%clk 0:54:57]} Qd4 {[%clk 1:11:31]} 16. Be3 {[%clk
0:53:48]} Qxc5 {[%clk 1:06:36]} 17. Bxc5 {[%clk 0:54:15]} Rd8 {[%clk 1:06:58]}
18. Re1 {[%clk 0:54:11]} b6 {[%clk 1:06:55]} 19. Be3 {[%clk 0:49:30]} Bf5
{[%clk 1:05:07]} 20. Bb3 {[%clk 0:49:18]} Kf8 {[%clk 1:04:03]} 21. f3 {[%clk
0:44:12]} f6 {[%clk 0:51:27]} 22. Kf2 {[%clk 0:42:51]} Bg6 {[%clk 0:47:12]} 23.
a5 {[%clk 0:35:43]} Rab8 {[%clk 0:47:21]} 24. axb6 {[%clk 0:32:14]} axb6 {[%clk
0:47:48]} 25. Ra1 {[%clk 0:31:37]} Rd7 {[%clk 0:40:09]} 26. Ra6 {[%clk
0:30:36]} c5 {[%clk 0:35:00]} 27. Ba4 {[%clk 0:30:10]} Rdb7 {[%clk 0:31:35]}
28. Bc6 {[%clk 0:27:22]} Re7 {[%clk 0:25:43]} 29. Be4 {[%clk 0:27:05]} f5
{[%clk 0:21:55]} 30. Bd3 {[%clk 0:26:02]} f4 {[%clk 0:18:45]} 31. Bd2 {[%clk
0:24:18]} Bxd3 {[%clk 0:19:09]} 32. cxd3 {[%clk 0:24:36]} Rd7 {[%clk 0:19:32]}
33. Ke2 {[%clk 0:24:37]} g5 {[%clk 0:13:40]} 34. Na4 {[%clk 0:21:28]} Rdb7
{[%clk 0:14:04]} 35. Bc3 {[%clk 0:21:37]} Kf7 {[%clk 0:13:20]} 36. Kd2 {[%clk
0:20:52]} Kf6 {[%clk 0:11:27]} 37. Nxc5 {[%clk 0:21:06]} Rc7 {[%clk 0:11:56]}
38. Ne4+ {[%clk 0:21:17]} Kf5 {[%clk 0:11:56]} 39. h3 {[%clk 0:21:07]} Rd7
{[%clk 0:11:20]} 40. Ba5 {[%clk 0:20:13]} Kg6 {[%clk 0:04:18]} 41. Bxb6 {[%clk
0:18:54]} Kg7 {[%clk 0:03:34]} 42. b4 {[%clk 0:19:18]} h6 {[%clk 0:03:27]} 43.
Bc5 {[%clk 0:18:43]} Rbd8 {[%clk 0:29:08]} 44. Ra3 {[%clk 0:48:23]} Rb8 {[%clk
0:29:01]} 45. Kc3 {[%clk 0:48:29]} Rbd8 {[%clk 0:27:28]} 46. Kc4 {[%clk
0:48:51]} Rc8 {[%clk 0:27:46]} 47. Kb5 {[%clk 0:43:17]} Rb7+ {[%clk 0:28:09]}
48. Bb6 {[%clk 0:43:10]} Rcb8 {[%clk 0:28:20]} 49. Ra6 {[%clk 0:43:31]} Rd7
{[%clk 0:28:44]} 50. Nc5 {[%clk 0:43:30]} Rd6 {[%clk 0:28:18]} 51. Ka5 {[%clk
0:42:46]} Rc8 {[%clk 0:27:22]} 52. Bc7 {[%clk 0:37:50]} Rd5 {[%clk 0:25:52]}
53. Kb6 {[%clk 0:37:48]} Re8 {[%clk 0:24:07]} 54. Kc6 {[%clk 0:36:47]} Rd4
{[%clk 0:24:16]} 55. b5 {[%clk 0:37:02]} e4 {[%clk 0:24:02]} 56. dxe4 {[%clk
0:36:29]} Rc4 {[%clk 0:24:20]} 57. b6 {[%clk 0:34:59]} Re7 {[%clk 0:24:14]} 58.
Kd5 {[%clk 0:34:51]} Rb4 {[%clk 0:24:12]} 59. Ra8 {[%clk 0:33:44]} Rb5 {[%clk
0:23:26]} 60. Kc6 {[%clk 0:31:54]} 1-0

[Event "DVM U16 2019"]
[Site "Magdeburg GER"]
[Date "2019.12.28"]
[Round "3"]
[White "Bethke, Richard"]
[Black "Köllner, Ruben Gideon"]
[Result "0-1"]
[Termination "normal"]
[Board "2.1"]
[WhiteTitle "FM"]
[BlackTitle "FM"]
[WhiteElo "2332"]
[BlackElo "2330"]
[WhiteClock "00:54:31"]
[BlackClock "00:28:10"]
[WhiteTeam "SF Neuberg"]
[BlackTeam "Schachgesellschaft Bochum 1931"]
[PlyCount "90"]
[WhiteFideId "12959243"]
[BlackFideId "12993093"]
[EventCountry "GER"]
[EventRounds "7"]
[EventType "team-swiss"]
[EventDate "2019.12.26"]

1. e4 {[%clk 1:30:56]} d6 {[%clk 1:30:50]} 2. d4 {[%clk 1:31:21]} Nf6 {[%clk
1:31:17]} 3. Nc3 {[%clk 1:31:46]} e5 {[%clk 1:31:43]} 4. Nf3 {[%clk 1:32:11]}
Nbd7 {[%clk 1:32:05]} 5. Bc4 {[%clk 1:32:36]} Be7 {[%clk 1:32:22]} 6. a4 {[%clk
1:33:00]} c6 {[%clk 1:32:42]} 7. O-O {[%clk 1:33:25]} O-O {[%clk 1:32:19]} 8.
Re1 {[%clk 1:32:54]} b6 {[%clk 1:32:15]} 9. Ba2 {[%clk 1:30:06]} a6 {[%clk
1:30:21]} 10. Bg5 {[%clk 1:26:28]} h6 {[%clk 1:26:35]} 11. Bh4 {[%clk 1:26:37]}
Nh5 {[%clk 1:23:23]} 12. Bxe7 {[%clk 1:22:41]} Qxe7 {[%clk 1:23:51]} 13. b4
{[%clk 1:18:20]} Nf4 {[%clk 1:14:38]} 14. b5 {[%clk 1:17:57]} Bb7 {[%clk
1:08:55]} 15. bxc6 {[%clk 1:15:27]} Bxc6 {[%clk 1:09:19]} 16. g3 {[%clk
1:14:05]} Nh3+ {[%clk 1:04:22]} 17. Kg2 {[%clk 1:14:30]} Ng5 {[%clk 1:04:40]}
18. Nh4 {[%clk 1:14:07]} Nf6 {[%clk 0:54:00]} 19. d5 {[%clk 1:07:42]} Bd7
{[%clk 0:43:01]} 20. Qd3 {[%clk 1:07:33]} Bc8 {[%clk 0:35:01]} 21. Nf3 {[%clk
1:00:30]} Bh3+ {[%clk 0:29:49]} 22. Kg1 {[%clk 0:58:31]} Nd7 {[%clk 0:29:48]}
23. Nxg5 {[%clk 0:58:15]} hxg5 {[%clk 0:25:59]} 24. f4 {[%clk 0:56:21]} f5
{[%clk 0:14:15]} 25. Qe3 {[%clk 0:49:55]} gxf4 {[%clk 0:12:42]} 26. gxf4 {[%clk
0:50:20]} Qh4 {[%clk 0:12:37]} 27. Qg3 {[%clk 0:49:18]} Qh6 {[%clk 0:10:49]}
28. Qg5 {[%clk 0:38:48]} exf4 {[%clk 0:08:42]} 29. Qxh6 {[%clk 0:38:05]} gxh6
{[%clk 0:09:10]} 30. exf5 {[%clk 0:38:16]} Ne5 {[%clk 0:08:58]} 31. Kh1 {[%clk
0:33:55]} Rac8 {[%clk 0:08:14]} 32. Ne4 {[%clk 0:33:06]} Rxc2 {[%clk 0:07:21]}
33. Rg1+ {[%clk 0:33:33]} Kh8 {[%clk 0:07:39]} 34. Bb1 {[%clk 0:31:08]} Rb2
{[%clk 0:06:43]} 35. Ra2 {[%clk 0:30:10]} Rxa2 {[%clk 0:07:00]} 36. Bxa2 {[%clk
0:30:36]} Bg4 {[%clk 0:07:11]} 37. Nd2 {[%clk 0:29:03]} Bxf5 {[%clk 0:05:51]}
38. Rc1 {[%clk 0:29:06]} f3 {[%clk 0:05:08]} 39. Bb1 {[%clk 0:28:43]} Bh3
{[%clk 0:04:11]} 40. Be4 {[%clk 0:28:26]} Bg2+ {[%clk 0:03:13]} 41. Kg1 {[%clk
0:28:48]} Rg8 {[%clk 0:28:22]} 42. Rc7 {[%clk 0:57:07]} Bh3+ {[%clk 0:28:11]}
43. Kh1 {[%clk 0:57:18]} Rg2 {[%clk 0:27:36]} 44. Nxf3 {[%clk 0:56:17]} Nxf3
{[%clk 0:27:45]} 45. Bxf3 {[%clk 0:54:31]} Rf2 {[%clk 0:28:10]} 0-1

[Event "DVM U16 2019"]
[Site "Magdeburg GER"]
[Date "2019.12.28"]
[Round "3"]
[White "Biermann, Florian"]
[Black "Bethke, Robert"]
[Result "1-0"]
[Termination "normal"]
[Board "2.2"]
[WhiteElo "2044"]
[BlackElo "2046"]
[WhiteClock "00:07:46"]
[BlackClock "00:29:24"]
[WhiteTeam "Schachgesellschaft Bochum 1931"]
[BlackTeam "SF Neuberg"]
[PlyCount "116"]
[WhiteFideId "12970069"]
[BlackFideId "12959251"]
[EventCountry "GER"]
[EventRounds "7"]
[EventType "team-swiss"]
[EventDate "2019.12.26"]

1. d4 {[%clk 1:30:59]} d5 {[%clk 1:30:51]} 2. Bf4 {[%clk 1:31:11]} Nf6 {[%clk
1:30:58]} 3. e3 {[%clk 1:31:08]} e6 {[%clk 1:30:42]} 4. Nd2 {[%clk 1:31:29]}
Bd6 {[%clk 1:30:12]} 5. Bg3 {[%clk 1:30:15]} c5 {[%clk 1:30:09]} 6. c3 {[%clk
1:29:57]} Nc6 {[%clk 1:29:55]} 7. Ngf3 {[%clk 1:28:45]} O-O {[%clk 1:25:54]} 8.
Bb5 {[%clk 1:25:23]} Ne7 {[%clk 1:25:30]} 9. Bd3 {[%clk 1:23:59]} b6 {[%clk
1:24:52]} 10. Qe2 {[%clk 1:15:57]} Bb7 {[%clk 1:25:01]} 11. Rd1 {[%clk
1:13:46]} cxd4 {[%clk 1:16:35]} 12. exd4 {[%clk 1:13:32]} Nf5 {[%clk 1:14:52]}
13. Be5 {[%clk 1:08:00]} Ne8 {[%clk 1:08:25]} 14. O-O {[%clk 1:07:11]} Bxe5
{[%clk 1:08:08]} 15. dxe5 {[%clk 1:02:59]} Nc7 {[%clk 1:07:54]} 16. b4 {[%clk
0:41:25]} g6 {[%clk 1:05:16]} 17. Nd4 {[%clk 0:39:51]} Kh8 {[%clk 1:02:39]} 18.
g4 {[%clk 0:37:29]} Nxd4 {[%clk 1:02:11]} 19. cxd4 {[%clk 0:37:52]} Qe7 {[%clk
1:02:33]} 20. Rb1 {[%clk 0:37:22]} f5 {[%clk 1:02:28]} 21. f4 {[%clk 0:35:47]}
Rfc8 {[%clk 1:02:08]} 22. Rb3 {[%clk 0:34:15]} a6 {[%clk 1:01:52]} 23. a3
{[%clk 0:28:04]} Bc6 {[%clk 0:58:49]} 24. g5 {[%clk 0:25:27]} Ba4 {[%clk
0:56:45]} 25. Rc3 {[%clk 0:22:36]} Nb5 {[%clk 0:57:04]} 26. Rxc8+ {[%clk
0:22:42]} Rxc8 {[%clk 0:57:33]} 27. Nf3 {[%clk 0:21:36]} Qc7 {[%clk 0:55:35]}
28. h4 {[%clk 0:17:30]} Qc3 {[%clk 0:55:24]} 29. Qe3 {[%clk 0:15:03]} Qxa3
{[%clk 0:54:01]} 30. h5 {[%clk 0:14:07]} Rc3 {[%clk 0:54:04]} 31. Ne1 {[%clk
0:14:22]} Qxb4 {[%clk 0:53:20]} 32. Qh3 {[%clk 0:13:52]} Qxd4+ {[%clk 0:52:00]}
33. Kg2 {[%clk 0:12:47]} Rc7 {[%clk 0:49:51]} 34. hxg6 {[%clk 0:12:50]} Qb2+
{[%clk 0:47:09]} 35. Rf2 {[%clk 0:11:31]} Qb4 {[%clk 0:47:31]} 36. Qh6 {[%clk
0:11:10]} Rg7 {[%clk 0:46:55]} 37. gxh7 {[%clk 0:11:09]} Qxe1 {[%clk 0:37:56]}
38. Qxe6 {[%clk 0:08:34]} Nc7 {[%clk 0:37:52]} 39. Qxf5 {[%clk 0:07:15]} Qb4
{[%clk 0:37:37]} 40. g6 {[%clk 0:02:57]} Bd7 {[%clk 0:34:50]} 41. Qf6 {[%clk
0:24:15]} Ne8 {[%clk 1:03:56]} 42. Qg5 {[%clk 0:20:45]} Qc3 {[%clk 1:02:07]}
43. Qg3 {[%clk 0:17:40]} d4 {[%clk 0:59:34]} 44. f5 {[%clk 0:16:38]} Bc6+
{[%clk 0:59:30]} 45. Kh2 {[%clk 0:16:47]} Qc1 {[%clk 0:59:03]} 46. Rf1 {[%clk
0:16:04]} Qh6+ {[%clk 0:49:56]} 47. Kg1 {[%clk 0:16:16]} Bb5 {[%clk 0:40:12]}
48. f6 {[%clk 0:13:12]} Ra7 {[%clk 0:38:13]} 49. f7 {[%clk 0:11:05]} Qf8 {[%clk
0:38:15]} 50. Bxb5 {[%clk 0:09:00]} Ng7 {[%clk 0:30:39]} 51. Bd3 {[%clk
0:08:40]} b5 {[%clk 0:30:40]} 52. Qg4 {[%clk 0:07:34]} Ra8 {[%clk 0:30:08]} 53.
Qf4 {[%clk 0:06:40]} b4 {[%clk 0:29:17]} 54. Qf6 {[%clk 0:06:49]} Ra7 {[%clk
0:29:06]} 55. e6 {[%clk 0:07:09]} a5 {[%clk 0:28:41]} 56. Qxd4 {[%clk 0:07:17]}
Re7 {[%clk 0:29:03]} 57. Bc4 {[%clk 0:07:32]} a4 {[%clk 0:29:24]} 58. Rd1
{[%clk 0:07:46]} Qd8 1-0

[Event "DVM U16 2019"]
[Site "Magdeburg GER"]
[Date "2019.12.28"]
[Round "3"]
[White "Baranyai-Molnar, Adam-Kristof"]
[Black "Biermann, Lenhard"]
[Result "0-1"]
[Termination "normal"]
[Board "2.3"]
[WhiteElo "1756"]
[BlackElo "2098"]
[WhiteClock "00:43:45"]
[BlackClock "00:15:34"]
[WhiteTeam "SF Neuberg"]
[BlackTeam "Schachgesellschaft Bochum 1931"]
[PlyCount "84"]
[WhiteFideId "768022"]
[BlackFideId "12970077"]
[EventCountry "GER"]
[EventRounds "7"]
[EventType "team-swiss"]
[EventDate "2019.12.26"]

1. e4 {[%clk 1:30:59]} e6 {[%clk 1:30:55]} 2. d4 {[%clk 1:31:25]} d5 {[%clk
1:31:22]} 3. Nd2 {[%clk 1:31:44]} Be7 {[%clk 1:31:32]} 4. Bd3 {[%clk 1:32:01]}
c5 {[%clk 1:31:33]} 5. dxc5 {[%clk 1:32:20]} Bxc5 {[%clk 1:31:40]} 6. Ngf3
{[%clk 1:32:26]} Nf6 {[%clk 1:29:30]} 7. e5 {[%clk 1:29:29]} Nfd7 {[%clk
1:24:50]} 8. O-O {[%clk 1:29:51]} Nc6 {[%clk 1:25:00]} 9. Nb3 {[%clk 1:28:01]}
Be7 {[%clk 1:25:02]} 10. Bf4 {[%clk 1:28:14]} g5 {[%clk 1:21:25]} 11. Bg3
{[%clk 1:27:34]} h5 {[%clk 0:58:08]} 12. h3 {[%clk 1:25:54]} g4 {[%clk
0:54:52]} 13. Nfd4 {[%clk 1:25:59]} gxh3 {[%clk 0:54:21]} 14. Nxc6 {[%clk
1:25:45]} bxc6 {[%clk 0:54:19]} 15. gxh3 {[%clk 1:25:39]} c5 {[%clk 0:50:36]}
16. Be2 {[%clk 1:25:52]} h4 {[%clk 0:38:56]} 17. Bh2 {[%clk 1:26:12]} Bb7
{[%clk 0:39:06]} 18. f4 {[%clk 1:26:18]} Qb6 {[%clk 0:37:37]} 19. c3 {[%clk
1:25:40]} d4 {[%clk 0:21:54]} 20. Bf3 {[%clk 1:25:54]} Rd8 {[%clk 0:20:40]} 21.
Bxb7 {[%clk 1:17:43]} Qxb7 {[%clk 0:21:01]} 22. Qf3 {[%clk 1:18:08]} Qxf3
{[%clk 0:15:24]} 23. Rxf3 {[%clk 1:18:32]} Nb6 {[%clk 0:13:36]} 24. Kf1 {[%clk
1:18:22]} dxc3 {[%clk 0:06:09]} 25. bxc3 {[%clk 1:18:04]} Nc4 {[%clk 0:05:49]}
26. Ke2 {[%clk 1:16:34]} a5 {[%clk 0:01:30]} 27. Bg1 {[%clk 1:15:38]} a4 {[%clk
0:01:47]} 28. Nxc5 {[%clk 1:15:03]} Rd2+ {[%clk 0:02:04]} 29. Ke1 {[%clk
1:15:15]} Rg8 {[%clk 0:01:10]} 30. Bd4 {[%clk 1:14:11]} Bxc5 {[%clk 0:00:51]}
31. Bxc5 {[%clk 1:14:37]} Rgg2 {[%clk 0:01:02]} 32. Rf2 {[%clk 0:51:58]} Rg1+
{[%clk 0:00:59]} 33. Rf1 {[%clk 0:52:24]} Rg3 {[%clk 0:00:40]} 34. Rf2 {[%clk
0:52:29]} Rxf2 {[%clk 0:00:36]} 35. Kxf2 {[%clk 0:52:13]} Rxh3 {[%clk 0:00:37]}
36. Bd4 {[%clk 0:52:03]} Rh2+ {[%clk 0:00:48]} 37. Kf3 {[%clk 0:49:53]} a3
{[%clk 0:00:39]} 38. Kg4 {[%clk 0:49:05]} Kd7 {[%clk 0:00:36]} 39. f5 {[%clk
0:48:36]} Kc6 {[%clk 0:00:45]} 40. f6 {[%clk 0:48:54]} Kd5 {[%clk 0:00:52]} 41.
Kf4 {[%clk 0:47:34]} Re2 {[%clk 0:24:10]} 42. Kf3 {[%clk 0:43:45]} Rc2 {[%clk
0:15:34]} 0-1

[Event "DVM U16 2019"]
[Site "Magdeburg GER"]
[Date "2019.12.28"]
[Round "3"]
[White "Prieb, Robert"]
[Black "Kolzenburg, Jan Niklas"]
[Result "1-0"]
[Termination "normal"]
[Board "2.4"]
[WhiteTitle "CM"]
[WhiteElo "1963"]
[BlackElo "1648"]
[WhiteClock "00:36:51"]
[BlackClock "00:08:29"]
[WhiteTeam "Schachgesellschaft Bochum 1931"]
[BlackTeam "SF Neuberg"]
[PlyCount "99"]
[WhiteFideId "16212002"]
[BlackFideId "16274830"]
[EventCountry "GER"]
[EventRounds "7"]
[EventType "team-swiss"]
[EventDate "2019.12.26"]

1. d4 {[%clk 1:30:55]} d5 {[%clk 1:30:49]} 2. c4 {[%clk 1:31:16]} e6 {[%clk
1:31:04]} 3. Nc3 {[%clk 1:31:35]} Nf6 {[%clk 1:31:18]} 4. Nf3 {[%clk 1:31:52]}
Be7 {[%clk 1:30:28]} 5. Bf4 {[%clk 1:32:05]} O-O {[%clk 1:29:57]} 6. e3 {[%clk
1:32:19]} Nbd7 {[%clk 1:29:21]} 7. c5 {[%clk 1:32:09]} Nh5 {[%clk 1:28:27]} 8.
Bd3 {[%clk 1:32:02]} Nxf4 {[%clk 1:28:02]} 9. exf4 {[%clk 1:32:30]} b6 {[%clk
1:27:19]} 10. b4 {[%clk 1:32:27]} a5 {[%clk 1:26:57]} 11. a3 {[%clk 1:32:37]}
c6 {[%clk 1:25:54]} 12. O-O {[%clk 1:31:52]} Qc7 {[%clk 1:25:09]} 13. g3 {[%clk
1:30:09]} Ba6 {[%clk 1:24:27]} 14. Ne5 {[%clk 1:27:51]} Nxe5 {[%clk 1:20:20]}
15. fxe5 {[%clk 1:28:02]} Bxd3 {[%clk 1:05:52]} 16. Qxd3 {[%clk 1:28:25]} axb4
{[%clk 1:00:08]} 17. axb4 {[%clk 1:28:40]} bxc5 {[%clk 0:59:56]} 18. bxc5
{[%clk 1:28:39]} Ra5 {[%clk 0:46:29]} 19. Rab1 {[%clk 1:24:55]} Rfa8 {[%clk
0:38:44]} 20. f4 {[%clk 1:21:39]} Bd8 {[%clk 0:34:54]} 21. f5 {[%clk 1:17:09]}
exf5 {[%clk 0:27:41]} 22. Qxf5 {[%clk 1:16:34]} Qe7 {[%clk 0:26:55]} 23. Rbe1
{[%clk 1:09:33]} Qe6 {[%clk 0:25:00]} 24. Qxe6 {[%clk 1:03:55]} fxe6 {[%clk
0:25:24]} 25. Rb1 {[%clk 1:03:55]} R5a7 {[%clk 0:21:43]} 26. Ne2 {[%clk
0:58:30]} g5 {[%clk 0:16:01]} 27. Rf3 {[%clk 0:55:58]} Ra1 {[%clk 0:14:03]} 28.
Rfb3 {[%clk 0:53:48]} Kf8 {[%clk 0:13:09]} 29. Kf2 {[%clk 0:49:54]} Rxb1 {[%clk
0:10:48]} 30. Rxb1 {[%clk 0:50:17]} Ra7 {[%clk 0:08:09]} 31. Rb3 {[%clk
0:43:03]} Rf7+ {[%clk 0:07:07]} 32. Kg2 {[%clk 0:42:16]} Ke7 {[%clk 0:05:39]}
33. Nc3 {[%clk 0:38:17]} Kd7 {[%clk 0:04:46]} 34. Rb8 {[%clk 0:33:00]} Ke8
{[%clk 0:02:46]} 35. Na4 {[%clk 0:29:29]} g4 {[%clk 0:01:58]} 36. Nb6 {[%clk
0:23:39]} Ra7 {[%clk 0:01:44]} 37. Rc8 {[%clk 0:22:27]} Ra2+ {[%clk 0:01:20]}
38. Kg1 {[%clk 0:22:42]} Ra1+ {[%clk 0:01:39]} 39. Kf2 {[%clk 0:23:02]} Ra2+
{[%clk 0:01:54]} 40. Ke3 {[%clk 0:17:27]} Ra3+ {[%clk 0:01:30]} 41. Kd2 {[%clk
0:12:11]} Ra2+ {[%clk 0:29:00]} 42. Kc3 {[%clk 0:41:33]} Rxh2 {[%clk 0:27:17]}
43. Rxc6 {[%clk 0:41:44]} Ke7 {[%clk 0:25:20]} 44. Rd6 {[%clk 0:39:46]} Rh3
{[%clk 0:21:08]} 45. Nc8+ {[%clk 0:39:23]} Ke8 {[%clk 0:19:43]} 46. c6 {[%clk
0:38:16]} Rxg3+ {[%clk 0:14:47]} 47. Kb4 {[%clk 0:38:25]} Rf3 {[%clk 0:10:31]}
48. Rd7 {[%clk 0:36:40]} Rf7 {[%clk 0:09:31]} 49. Nd6+ {[%clk 0:37:01]} Kf8
{[%clk 0:08:29]} 50. Rxd8+ {[%clk 0:36:51]} 1-0